Lenguaje, verdad y mundo : modelo fenomenológico de análisis semántico /
Resumen de los últimos estudios filosóficos sobre el lenguaje. Toma en cuenta a los primeros analistas del lenguaje que postularon la construcción de lenguajes formales lógicamente perfectos que sustituyeran al lenguaje ordinario para evitar problemas metafísicos y paradojas o la correlación entre l...
Guardat en:
| Autor principal: | |
|---|---|
| Format: | Llibre |
| Idioma: | espanyol |
| Publicat: |
Barcelona, España :
Anthropos,
1986
|
| Matèries: | |
| Etiquetes: |
Sense etiquetes, Sigues el primer a etiquetar aquest registre!
|
MARC
| LEADER | 00000nam^a2200000^a^4500 | ||
|---|---|---|---|
| 001 | 000026806 | ||
| 005 | 20250521000000.0 | ||
| 009 | 20260310084744.869 | ||
| 020 | |a 84-7658-013-4 | ||
| 037 | |a Acervo ITESO - Biblioteca | ||
| 041 | |a ESP | ||
| 082 | |a 149. 94 |b VAZ | ||
| 100 | |a Vázquez, Juan |e (autor) | ||
| 245 | 1 | 0 | |a Lenguaje, verdad y mundo : |b modelo fenomenológico de análisis semántico / |c J. Vázquez. |
| 264 | 1 | |a Barcelona, España : |b Anthropos, |c 1986 | |
| 300 | |a 195 p. | ||
| 336 | |a texto |b txt |2 rdacontenido | ||
| 337 | |a sin mediación |b n |2 rdamedio | ||
| 338 | |a volumen |b nc |2 rdasoporte | ||
| 520 | |a Resumen de los últimos estudios filosóficos sobre el lenguaje. Toma en cuenta a los primeros analistas del lenguaje que postularon la construcción de lenguajes formales lógicamente perfectos que sustituyeran al lenguaje ordinario para evitar problemas metafísicos y paradojas o la correlación entre lenguaje denotativo y el universo de objetos referentes. También toma en cuenta la defensa de Wittgenstein por adoptar el lenguaje común y más bien evitar su mal uso. El autor trata de responder a ¿cómo puede ser analizado el fenómeno lingüístico sin tener en cuenta su relación con la praxis humana que lo ejerce por una parte y con los objetos hablados. | ||
| 649 | |a XX | ||
| 650 | |a Semántica | ||
| 650 | |a Semiótica | ||
| 650 | |a Filosofía del Lenguaje - |x Tema Principal | ||
| 650 | |a Filosofía | ||
| 910 | |a Fondo General | ||
| 920 | |a Impresos - Libros | ||
| 930 | |a Colección General | ||
| 905 | |a 101 | ||
| 901 | |a 0268060100 |b IT1 |c ACC |i 026806 |u 20250521 | ||
| 902 | |a https://opac.biblio.iteso.mx/vufind/Record/000026806 | ||